000 00389nam a2200157Ia 4500
008 230524s9999 xx 000 0 und d
082 _a621.384
_bEDD
100 _aByron Edde
245 0 _a"Radar Principles, Technology, Applications"
250 _a4TH
260 _aNEW DELHI
_bPearson
_c2004
300 _a717
500 _aQuantity Number: 3
650 _aElectronics
942 _cBK
999 _c22913
_d22913